| 000 | 00572nam a22001937a 4500 | ||
|---|---|---|---|
| 003 | 0 | ||
| 005 | 20241019105718.0 | ||
| 008 | 241019b xxu||||| |||| 00| 0 eng d | ||
| 020 | _a9780357883457 | ||
| 050 |
_aTK 5105.5 _b.W47 2023 |
||
| 100 |
_aWest, Jill, _eauthor. |
||
| 245 |
_aCompTIA cloud+ : _ba guide to cloud computing / _cJill West. |
||
| 250 | _a2nd ed. | ||
| 260 |
_aBoston, MA : _bCengage, _c2023. |
||
| 300 |
_axvi, 509 p. : _bcol. ill. ; _c28 cm. |
||
| 504 | _aIncludes index. | ||
| 650 |
_aComputer networks _vExaminations _xStudy guides. |
||
| 942 |
_2lcc _cBK |
||
| 999 |
_c366595 _d366595 |
||